Statistics for Spell the Marvel Character #92

Click here to take the quiz!

General Stats

  • This quiz has been taken 10 times
  • The average score is 11 of 13

Answer Stats

Answer% Correct
Silver Surfer
100%
Storm
100%
Colossus
90%
Star-lord
90%
America Chavez
80%
Elsa Bloodstone
80%
Emma Frost
80%
Iceman
80%
Jessica Jones
80%
Nova
80%
Jocasta
70%
Old Lace
70%
Justice
60%

Score Distribution

Percentile by Number Answered

Percent of People with Each Score

Your Score History

You have not taken this quiz